Animal Crossing - Toutes les Créatures marines [en image] - Statistiques

Statistiques générales
  • Ce quiz a été pris 26 fois
  • Le résultat moyen est 21 sur 43
Statistiques - réponses
Par images Réponse % Correct
Étoile de mer
100%
Huître
100%
Oursin
100%
Moule
95%
Homard
89%
Poulpe
89%
Limace de mer
79%
Nautile
79%
Balane
74%
Huître perlière
74%
Wakame
74%
Concombre de mer
68%
Pétoncle
68%
Turbo
68%
Crabe des neiges
63%
Langouste
63%
Anémone de mer
58%
Limule
58%
Bulot
53%
Palourde
53%
Crevette-mante
47%
Ormeau
42%
Vampire des abysses
42%
Crabe-araignée géant
37%
Méduse lune
37%
Oursin crayon
37%
Anguille de jardin
32%
Corbeille de Vénus
32%
Crevette nordique
32%
Ver plat
32%
Algue raisin de mer
26%
Bathynome géant
26%
Crabe royal
26%
Oreille de mer
26%
Pieuvre parapluie
26%
Bénitier colossal
21%
Cochon de mer
21%
Calmar luciole
16%
Crabe de Dungeness
16%
Crabe velu
16%
Crevette tigrée
16%
Crabe gazami
11%
Halocynthia roretzi
11%
Aucun quiz correspondant
Distribution des résultats
% des personnes avec chaque résultat
Percentile par nombre de réponses
Votre historique - résultats
Vous n’avez pas pris ce quiz